Spanish pronunciation: theory and practice
Kaydedildi:
| Yazar: | |
|---|---|
| Materyal Türü: | Kitap |
| Dil: | İngilizce |
| Baskı/Yayın Bilgisi: |
Fort Worth
Harcourt Brace College Publishers
1997
|
| Edisyon: | 3a. ed |
| Konular: | |
| Etiketler: |
Etiketle
Etiket eklenmemiş, İlk siz ekleyin!
|
MARC
| LEADER | 00000cam a2200000 a 4500 | ||
|---|---|---|---|
| 001 | UCC4595 | ||
| 003 | CL-VaPUC | ||
| 008 | 180810e19970000us |||||||||||||||||eng|d | ||
| 020 | |a 0030180775 | ||
| 082 | 0 | 4 | |a 461.5 |b DAL |2 21 |
| 100 | 0 | |a Dalbor, John B |e author |9 598784 | |
| 245 | 1 | 0 | |a Spanish pronunciation: theory and practice |
| 250 | |a 3a. ed | ||
| 300 | |a 396 p | ||
| 942 | |c BK | ||
| 945 | |d 20180810 15:16:00 |a dcastane | ||
| 260 | |a Fort Worth |b Harcourt Brace College Publishers |c 1997 | ||
| 650 | 7 | |a PRONUNCIACION CASTELLANA |2 CL-VaPUC |9 504391 | |
| 650 | 7 | |a LINGUISTICA DESCRIPTIVA |2 CL-VaPUC |9 598785 | |
| 650 | 0 | |a Fonología |9 341074 | |
| 583 | |a last modification |c 20180810 15:16:00 |k Rodrigo Vera | ||
| 999 | |c 372047 |d 372045 | ||
| 952 | |0 0 |1 0 |3 erd |4 0 |6 461_500000000000000_DAL_1997 |7 0 |8 A |9 489285 |a BIBEDU |b BIBEDU |i 5487668 |o 461.5 DAL 1997 |p 5487668 |r 2019-11-24 |w 2019-11-24 |y BK |z Catalogado en:20180810 |k LIT | ||